| 000 | 01593nam a2200409 c 4500 | ||
|---|---|---|---|
| 003 | BLK | ||
| 005 | 20221207154532.0 | ||
| 008 | 180409b bul|||||r ||||||| ||bul|| | ||
| 010 | _aKNG00125842000 | ||
| 040 | _aBLK | ||
| 041 |
_aBUL _cBUL |
||
| 080 |
_aНародни песни - исторически, хороводни, обичайни _b784.4 _x(497.2) _z784.4(497.2) |
||
| 100 | 1 |
_aТодоров, Манол Нанков _eпърви автор _9315889 |
|
| 139 |
_aТодоров, Манол Нанков _bТ 64 |
||
| 245 | 1 | 0 |
_aБългарската народна песен и музикалното възпитание на учениците _cМанол Нанков Тодоров. |
| 257 | _aBGR | ||
| 260 |
_аСофия _bНар. просв. _c1967 |
||
| 300 |
_a295 с. _bс ил., ноти _c20 см |
||
| 380 | _a7 | ||
| 500 | _aБиблиогр. с. 287-292. | ||
| 650 | 4 |
_aНародни песни, български _9245130 |
|
| 651 | 4 |
_aБългария _9241624 |
|
| 653 | _aнародни песни | ||
| 653 | _aмузикално възпитание | ||
| 653 | _aладове | ||
| 653 | _aритъм | ||
| 653 | _aметроритмика | ||
| 653 | _aпентатоника | ||
| 653 | _aорнаменти | ||
| 653 | _aмузикални инструменти | ||
| 653 | _aбългарски песни | ||
| 852 | _aЦб 43470 | ||
| 856 | 4 |
_qpdf _u |
|
| 856 | 4 |
_qpdf _u |
|
| 942 |
_cKNG _n0 _01 |
||
| 944 |
_aCR _c10.10.2011 _l10.10.2011 - от С1,Р / 10.10.2011 _kНаталия_Любомирова |
||
| 944 |
_aED _c07.10.2015 _l10.10.2011 - от С1,Р / 10.10.2011 _k |
||
| 999 |
_c120226 _d120226 |
||